| 000 | 00915nam a22002657a 4500 | ||
|---|---|---|---|
| 003 | UA-OsUOA | ||
| 001 | 26985 | ||
| 007 | ta | ||
| 008 | 20040614b un ||||| |||| 00| 0 ukr d | ||
| 100 | _aБернет Дж | ||
| 700 | _aМориарти С. | ||
| 090 |
_a658.8+659 _bБ25 |
||
| 942 | _cBK | ||
| 040 |
_aUA-OsUOA _brus _cUA-OsUOA _dUA-OsUOA |
||
| 245 | _aМаркетинговые коммуникации: интегрированный подход | ||
| 300 |
_a864 с. _bІлюстрації |
||
| 955 | _a2 | ||
| 041 | _arus | ||
| 080 | _a658.8+659 | ||
| 020 | _a5-272-00232-6 | ||
| 260 |
_aСанкт-Петербург _bПитер _c2001 |
||
| 044 | _aRU | ||
| 650 | 7 |
_a658 Управління торговельно-промисловою діяльністю. Бізнес-менеджмент. Економіка підприємств. Організація та _2UDC |
|
| 999 |
_c313322 _d313322 |
||